000 01283nam a2200349 i 4500
001 bg
003 BPK
005 20200813134145.0
008 090408s2008 pl f |001 0 pol
022 _a12344354
040 _cBPK
041 0 _apol
_beng
044 _aPOL
080 _a532
080 _a66.06
100 1 _aRożeń, Antoni.
245 1 0 _aMikromieszanie płynów różniących się lepkością w układach z przepływem laminarnym /
_cAntoni Rożeń.
260 _aWarszawa :
_bOficyna Wydawnicza Politechniki Warszawskiej,
_c2008.
300 _a164, [1] s. :
_bil. ;
_c24 cm.
490 1 _aPrace Wydziału Inżynierii Chemicznej i Procesowej Politechniki Warszawskiej,
_x1234-4354 ;
_vT.32, z.1
500 _aOpis wg. okł.
504 _aBibliogr. s. 157-163.
546 _aStreszcz. ang.
650 4 _aLepkość
650 4 _aMechanika płynów
650 4 _aMieszanie
650 4 _aPrzepływ laminarny
710 2 _aPolitechnika Warszawska.
_bOficyna Wydawnicza.
_4pbl.
830 _aPrace Wydziału Inżynierii Chemicznej i Procesowej - Politechnika Warszawska.
_vT. 32, z. 1
856 _uhttp://koha.tu.koszalin.pl/cgi-bin/koha/opac-detail.pl?biblionumber=56145
_yKatalog online BPK
942 _cKS
_2UKD
999 _c56145
_d56145